Top 16 Countries at the Olympic Games (Figure Skating) - Statistics

General Stats
  • This quiz has been taken 503 times
  • The average score is 13 of 16
Answer Stats
Hint Athletics Gold Medals % Correct
1 United States 15
100%
2 Russia 14
99%
10 Japan 2
96%
6 Canada 4
91%
4 Great Britain 5
90%
11 China 1
89%
7 France 3
89%
8 Germany 3
88%
14 South Korea 1
82%
5 Sweden 5
77%
9 Norway 3
76%
13 Finland 1
69%
16 Ukraine 1
66%
3 Austria 7
62%
12 Netherlands 1
51%
15 Belgium 1
50%
No matching quizzes found
Score Distribution
Percent of People with Each Score
Percentile by Number Answered
Your Score History
You have not taken this quiz